1778 1616 1110 1980 1203 1079 1549 1716 1010 1835 1461 1393 1682 1738 1314 1196 1168 1283 1646 1829 1875 1994 1095 1356 1068 1113 1021 1005 1014 1592 1411 1422 1602 1857 1969 1096 1594 1268 1800 1795 1816 1398 1414 1541 1146 1758 1923 1136 1885 1772 1679 1697 1960 1962 1589 1628 1665 1241 1430 1507 1917 1133 1444 1363 1263 1181 1004 1214 1843 1723 1933 1835 1376 1676 1860 1382 1447 1616 1786 1219 1114 1991 1278 1082 1382 1552 1154 1912 1463 1337 1771 1099 1234 1109 1694 1068 1729 1927 1265 BCNSPRNW ULIB Ver.6.0+V

เปลี่ยนเป็นภาษาไทย

Change to English
 แสดงรายละเอียดบรรณานุกรม
  กลับหน้าหลัก

Brief Record : Get Marc (ISO 2709) : E-mail record : QR code < ปิดหน้าต่าง
LEADER : 00000nam 2200000uu 4500
001    13399112706
003     ULIB
008    110905s2523||||th 000 0 tha d
020    9746138685
050  4 LB215^bส719ก ล.2 2548
245 00 เอกสารการสอนชุดวิชา การศึกษากับชีวิตและชุมชน หน่วยที่ 9-15 =^bEducation abd life and community/^cสาขาวิชาศึกษาศาสตร์มหาวิทยาลัยสุโขทัยธรรมาธิราช
246 30 การศึกษากับชีวิตและชุมชน
246 31 Education abd life and community
250    พิมพ์ครั้งที่ 22
260    กรุงเทพฯ :^bมหาวิทยาลัย,^c2523
300    483 หน้า :^bภาพประกอบ, แผนภูมิ ;^c30 ซม.
500    เอกสารการสอนชุดวิชา 20203 การศึกษากับชีวิตและชุมชน
650  4 การศึกษากับสังคม
650  4 การศึกษากับการพัฒนาประเทศ
650  4 ครู
650  4 ชุมชนกับโรงเรียน
650  4 อนามัยชุมชน
710 2  มหาวิทยาลัยสุโขทัยธรรมาธิราช. ^bสาขาวิชาศึกษาศาสตร์
945    ^p0^l0^i018576
995    ทศพร
999 ^a ทศพร
รายการนี้ยังไม่มีแท็ก
คุณยังไม่ได้ล็อกอิน คุณสามารถมีกิจกรรมร่วมกับเว็บไซต์ได้ แต่ต้องล็อกอินก่อน ::
  ล็อกอิน

รายการสื่อสารสนเทศ

ลำดับที่ ประเภท เลขเรียก/บาร์โค้ด สถานที่ สถานะ
- ไม่พบข้อมูล -

รายการใกล้เคียง
    หัวเรื่อง [การศึกษากับสังคม]
    หัวเรื่อง [การศึกษากับการพัฒนาประเทศ]
    หัวเรื่อง [ครู]
    หัวเรื่อง [ชุมชนกับโรงเรียน]
    หัวเรื่อง [อนามัยชุมชน]

BibComment


ยังไม่เคยถูกคอมเมนท์

คอมเมนท์ทรัพยากรรายการนี้
  คอมเมนท์: เอกสารการสอนชุดวิ..


 Copyright 2026. Bcnsprnw @Library